000 00625nam a2200229Ia 4500
003 OSt
005 20220923225046.0
006 a|||||r|||| 00| 0
007 ta
008 220922b |||||||| |||| 00| 0 hin d
024 _a255,890
037 _cTextual
040 _aARTS
_cARTS
_bhin
041 _2hin
_ahin
082 _aQ12, 152M9
100 _aसत्येन्द्र
245 0 _aपाण्डुलिपि विज्ञान
246 _aPāṇḍulipi vijnyāna
260 _c1989
942 _hQ12, 152M9
_cTEXL
_2CC
999 _c375747
_d375747